El general, el pintor y la dama /

Guardado en:
Autor Principal: Miguel, María Esther de
Formato: Libro
Publicado: Argentina : Planeta, 1996
Materias:
Etiquetas: Agregar Etiqueta
Sin Etiquetas, Sea el primero en etiquetar este registro!
LEADER 00601nam a22002055a 4500
001 CEM.cems011150
005 20101202124212.0
008 130507s1996##################000#0#####d
003 CEMS
020 |a 9504905706 
082 0 4 |a A863.4 
100 1 |a Miguel, María Esther de 
245 1 0 |a El general, el pintor y la dama /  |c María Esther de Miguel 
260 |a Argentina :  |b Planeta,  |c 1996 
300 |a 311 p. 
653 |a Literatura 
653 |a Novelas argentinas-siglo 20 
653 |a Novelas 
653 |a Litertura argentina-siglo 20 
859 |a CEMS  |b BIB. CEMS - 11 de abril  |h A863.4  |i M588  |p 22013.03  |t Ej.1